Colombia: conflicto armado, perspectivas de paz y democracia
Guardat en:
| Format: | Llibre |
|---|---|
| Idioma: | espanyol |
| Publicat: |
Miami
Latin American and Caribbean Center
2001
|
| Matèries: | |
| Etiquetes: |
Afegir etiqueta
Sense etiquetes, Sigues el primer a etiquetar aquest registre!
|
MARC
| LEADER | 00000nam a2200000 a 4500 | ||
|---|---|---|---|
| 001 | UCN7284 | ||
| 003 | CL-VaPUC | ||
| 005 | 20241216151410.0 | ||
| 008 | 011012e20010000us 1 spa d | ||
| 082 | 0 | 4 | |a 986.1063 |b COL |2 21 |
| 245 | 1 | 0 | |a Colombia: conflicto armado, perspectivas de paz y democracia |
| 260 | |a Miami |b Latin American and Caribbean Center |c 2001 | ||
| 300 | |a 142 p | ||
| 583 | |a last modification |c 20190821 11:55:30 |k Rodrigo Vera | ||
| 650 | 0 | 7 | |a HISTORIA COLOMBIANA - SIGLO 20 |2 CL-VaPUC |9 620011 |
| 650 | 0 | 0 | |a Conflictos armados |9 398234 |
| 650 | 0 | 7 | |a RELACIONES CIVICO MILITARES |2 CL-VaPUC |9 315814 |
| 650 | 0 | 0 | |a Transición democrática |9 336882 |
| 650 | 0 | 7 | |a CRISIS ECONOMICA |2 CL-VaPUC |9 620012 |
| 651 | 0 | |a Colombia |9 256424 | |
| 942 | |c BK | ||
| 945 | |a crobeson |d 20011012 00:00:00 | ||
| 546 | |a En Español | ||
| 518 | |p Colombia: Conflicto Armado- Perspectivas de Paz y Democracia, 1, Miami, 15 y 16 de marzo de 2000 | ||
| 999 | |c 383714 |d 383712 | ||
| 952 | |0 0 |1 0 |4 0 |6 986_106300000000000_COL_2001 |7 0 |8 A |9 505940 |a BIBHIS |b BIBHIS |d 2020-01-23 |i 3749568 |l 2 |o 986.1063 COL 2001 |p 3749568 |r 2025-01-20 |s 2024-12-06 |w 2020-01-23 |y BK |k HIS | ||